[Event "Liffre op"]
[Site "Liffre"]
[Date "2022.10.22"]
[Round "1"]
[White "Dimitrov, Radoslav"]
[Black "Jeanne, Mickael"]
[Result "1-0"]
[WhiteElo "2499"]
[BlackElo "2160"]
[PlyCount "65"]
[EventDate "2022.10.22"]
[EventType "swiss"]
[EventRounds "9"]
[EventCountry "FRA"]
[SourceTitle "EXT 2024"]
[Source "ChessBase"]
[SourceDate "2023.10.10"]
[SourceVersion "1"]
[SourceVersionDate "2023.10.10"]
[SourceQuality "1"]

1. b3 e5 2. Bb2 Nc6 3. e3 d5 4. Bb5 Nge7 5. Bxe5 a6 6. Bxc6+ Nxc6 7. Bg3 h5 8. h4 Bd6 9. Ne2 Bg4 10. f3 Bxg3+ 11. Nxg3 Qd6 12. Kf2 0-0-0 13. d4 Be6 14. Nc3 f6 15. Qd3 g5 16. a3 Rdg8 17. Nce2 Ne7 18. c4 c6 19. cxd5 cxd5 20. b4 Ng6 21. b5 axb5 22. Nc3 gxh4 23. Nf5 Bxf5 24. Qxf5+ Kb8 25. Nxd5 Qg3+ 26. Kf1 Ne7 27. Qf4+ Qxf4 28. Nxf4 Nf5 29. Kf2 Rc8 30. Rac1 Rhe8 31. Nd5 Rcd8 32. Rc5 Re6 33. Nf4 1-0

[Event "Vlissingen HZ op 24th"]
[Site "Vlissingen"]
[Date "2022.08.10"]
[Round "6"]
[White "Royal, Shreyas"]
[Black "Jeanne, Mickael"]
[Result "1-0"]
[WhiteElo "2375"]
[BlackElo "2145"]
[PlyCount "131"]
[EventDate "2022.08.06"]
[EventType "swiss"]
[EventRounds "9"]
[EventCountry "NED"]
[SourceTitle "CBM 209 Extra"]
[Source "ChessBase"]
[SourceDate "2022.09.30"]
[SourceVersion "1"]
[SourceVersionDate "2022.09.30"]
[SourceQuality "1"]

1. d4 d5 2. c4 e6 3. Nf3 Nf6 4. g3 Be7 5. Bg2 0-0 6. 0-0 dxc4 7. Qc2 a6 8. a4 Bd7 9. Qxc4 Bc6 10. Bg5 Bd5 11. Qc2 Be4 12. Qc1 Nc6 13. Rd1 Bxf3 14. Bxf3 Nxd4 15. Kg2 c5 16. e3 Nb3 17. Rxd8 Nxc1 18. Rxa8 Rxa8 19. Nd2 Nd3 20. Nc4 h6 21. Bxf6 Bxf6 22. Bxb7 Rb8 23. Bxa6 Nxb2 24. Nxb2 Bxb2 25. Rd1 Ra8 26. Rd6 Bc3 27. Rc6 Kf8 28. Bb5 Bb4 29. Rc7 g5 30. Bc6 Rd8 31. Bf3 Ke8 32. Bh5 Rd7 33. Rxd7 Kxd7 34. Bxf7 c4 35. Kf3 c3 36. Bg6 Kd6 37. Ke2 Kc5 38. Kd3 Ba5 39. Bf7 Kd5 40. f4 gxf4 41. gxf4 Kd6 42. e4 Ke7 43. Bh5 Kf6 44. Bg4 Kf7 45. e5 Bb6 46. Bd1 Kg6 47. Ke4 Ba5 48. Bc2 Bb6 49. h3 Kf7 50. Kd3 Ke7 51. Kxc3 Be3 52. f5 exf5 53. Bxf5 Bf4 54. Kd4 Bd2 55. Kd5 h5 56. Bg6 h4 57. Bf5 Be1 58. Kc6 Bc3 59. e6 Kd8 60. Bd3 Ke7 61. Bc4 Kd8 62. Bd5 Bb4 63. Kb5 Be7 64. a5 Kc7 65. a6 Kb8 66. Kc6 1-0

[Event "Vlissingen HZ op 24th"]
[Site "Vlissingen"]
[Date "2022.08.07"]
[Round "2"]
[White "Kools, Jasper"]
[Black "Jeanne, Mickael"]
[Result "0-1"]
[WhiteElo "1774"]
[BlackElo "2145"]
[PlyCount "68"]
[EventDate "2022.08.06"]
[EventType "swiss"]
[EventRounds "9"]
[EventCountry "NED"]
[SourceTitle "CBM 209 Extra"]
[Source "ChessBase"]
[SourceDate "2022.09.30"]
[SourceVersion "1"]
[SourceVersionDate "2022.09.30"]
[SourceQuality "1"]

1. d4 Nf6 2. Nf3 d5 3. c4 e6 4. Nc3 a6 5. cxd5 exd5 6. Bg5 Be6 7. e3 Nbd7 8. Bd3 c6 9. 0-0 Bd6 10. a3 Qc7 11. Bh4 0-0 12. Bg3 Bg4 13. Bxd6 Qxd6 14. Be2 Rfe8 15. Ne1 Bxe2 16. Qxe2 a5 17. Nd3 a4 18. Qc2 Ng4 19. g3 Qh6 20. h4 g5 21. Qe2 f5 22. Kg2 Re7 23. Rh1 Rae8 24. Rae1 Ndf6 25. hxg5 Qxg5 26. Qf3 Ne4 27. Nxe4 fxe4 28. Qf4 Qg6 29. Rh4 h5 30. Reh1 Rh7 31. Rxg4 Qxg4 32. Qxg4+ hxg4 33. Ne5 Rxh1 34. Kxh1 Rxe5 0-1

[Event "Sautron op 15th"]
[Site "Sautron"]
[Date "2015.10.24"]
[Round "9.10"]
[White "Jeanne, Mickael"]
[Black "Colin, Vincent"]
[Result "1/2-1/2"]
[WhiteElo "2210"]
[BlackElo "2399"]
[PlyCount "71"]
[EventDate "2015.10.24"]
[EventType "swiss"]
[EventRounds "9"]
[EventCountry "FRA"]
[SourceTitle "CBM 169 Extra"]
[Source "ChessBase"]
[SourceDate "2015.12.18"]
[SourceVersion "1"]
[SourceVersionDate "2015.12.18"]
[SourceQuality "1"]

1. Nf3 Nf6 2. d4 g6 3. Nbd2 d5 4. e3 Bg7 5. b4 0-0 6. Bb2 a5 7. b5 a4 8. c4 a3 9. Bc3 dxc4 10. Bxc4 Nd5 11. Rc1 Nxc3 12. Rxc3 c5 13. Qc1 cxd4 14. exd4 Qa5 15. Bxf7+ Kxf7 16. Ng5+ Kg8 17. Rxc8 Qxb5 18. Ne6 Nc6 19. Rxf8+ Rxf8 20. Nxf8 Kxf8 21. Qc4 Qb2 22. Ke2 Nxd4+ 23. Kd3 b5 24. Qc8+ Kf7 25. Re1 Bf6 26. Ne4 Nf5 27. Nxf6 Qxf6 28. Qc5 Qa6 29. Qd5+ Kf8 30. Qd8+ Kf7 31. Qd5+ Ke8 32. Qg8+ Kd7 33. Qd5+ Ke8 34. Qg8+ Kd7 35. Qd5+ Ke8 36. g4 1/2-1/2

[Event "Sautron op 15th"]
[Site "Sautron"]
[Date "2015.10.23"]
[Round "6.16"]
[White "Davy, Bruno"]
[Black "Jeanne, Mickael"]
[Result "0-1"]
[WhiteElo "1843"]
[BlackElo "2210"]
[PlyCount "52"]
[EventDate "2015.10.24"]
[EventType "swiss"]
[EventRounds "9"]
[EventCountry "FRA"]
[SourceTitle "EXT 2019"]
[Source "ChessBase"]
[SourceDate "2018.10.10"]
[SourceVersion "1"]
[SourceVersionDate "2018.10.10"]
[SourceQuality "1"]

1. f4 d5 2. Nf3 Nf6 3. e3 g6 4. b3 Bg7 5. Bb2 0-0 6. Be2 b6 7. 0-0 Bb7 8. Ne5 c5 9. d3 Ne8 10. Nd2 Nd6 11. g4 f6 12. Nef3 Qc8 13. h3 Qe6 14. e4 dxe4 15. dxe4 Kh8 16. f5 gxf5 17. gxf5 Qf7 18. Bd3 Qh5 19. Kh2 Bh6 20. Ng1 Qh4 21. Ne2 Rg8 22. Bc1 Bxd2 23. Bxd2 Nxe4 24. Bxe4 Qxe4 25. Nf4 Rg2+ 26. Kh1 Rxd2+ 0-1

[Event "Cappelle op 30th"]
[Site "Cappelle la Grande"]
[Date "2014.03.03"]
[Round "3"]
[White "Jeanne, Mickael"]
[Black "Baryshpolets, Andrey"]
[Result "0-1"]
[WhiteElo "2234"]
[BlackElo "2558"]
[PlyCount "70"]
[EventDate "2014.03.01"]
[EventType "swiss"]
[EventRounds "9"]
[EventCountry "FRA"]
[SourceTitle "CBM 159 Extra"]
[Source "ChessBase"]
[SourceDate "2014.04.24"]
[SourceVersion "1"]
[SourceVersionDate "2014.04.24"]
[SourceQuality "1"]

1. Nf3 Nf6 2. c4 e6 3. Nc3 d5 4. d4 c6 5. cxd5 exd5 6. Bg5 Be7 7. e3 Bf5 8. Bd3 Bxd3 9. Qxd3 Nbd7 10. 0-0 0-0 11. Rab1 a5 12. Rfc1 Ne4 13. Bxe7 Qxe7 14. Nd2 f5 15. Ndxe4 fxe4 16. Qe2 Rf6 17. Na4 Raf8 18. Nc5 Rxf2 19. Qxf2 Rxf2 20. Kxf2 Nf6 21. h3 Nh5 22. Kg1 Ng3 23. Rc2 b6 24. Na4 Qb4 25. b3 Nf5 26. Re2 b5 27. Nb2 Qc3 28. Rbe1 Nxe3 29. Nd1 Nxd1 30. Rxd1 c5 31. dxc5 Qxc5+ 32. Kf1 e3 33. Rd3 d4 34. Ke1 h6 35. Kd1 Qf5 0-1

[Event "Cappelle op 29th"]
[Site "Cappelle la Grande"]
[Date "2013.02.26"]
[Round "5"]
[White "Terrieux, Kevin"]
[Black "Jeanne, Mickael"]
[Result "1/2-1/2"]
[WhiteElo "2419"]
[BlackElo "2206"]
[PlyCount "35"]
[EventDate "2013.02.23"]
[EventType "swiss"]
[EventRounds "9"]
[EventCountry "FRA"]
[SourceTitle "CBM 153 Extra"]
[Source "ChessBase"]
[SourceDate "2013.04.22"]
[SourceVersion "1"]
[SourceVersionDate "2013.04.22"]
[SourceQuality "1"]

1. Nf3 Nf6 2. c4 e6 3. g3 d5 4. d4 dxc4 5. Bg2 Bb4+ 6. Bd2 c5 7. dxc5 Bxc5 8. 0-0 Nc6 9. Qc2 0-0 10. Qxc4 Bb6 11. Nc3 e5 12. Rad1 Be6 13. Qh4 Qb8 14. Ng5 Bf5 15. Nd5 Nxd5 16. Bxd5 h6 17. Nf3 e4 18. Bxc6 1/2-1/2

[Event "Cappelle op 28th"]
[Site "Cappelle la Grande"]
[Date "2012.03.04"]
[Round "2"]
[White "Sveshnikov, Evgeny"]
[Black "Jeanne, Mickael"]
[Result "1-0"]
[WhiteElo "2499"]
[BlackElo "2177"]
[PlyCount "89"]
[EventDate "2012.03.03"]
[EventType "swiss"]
[EventRounds "9"]
[EventCountry "FRA"]
[SourceTitle "CBM 147 Extra"]
[Source "ChessBase"]
[SourceDate "2012.04.24"]
[SourceVersion "1"]
[SourceVersionDate "2012.04.24"]
[SourceQuality "1"]

1. e4 e6 2. d4 d5 3. e5 c5 4. c3 Nc6 5. Nf3 Bd7 6. Be2 f6 7. 0-0 fxe5 8. Nxe5 Nxe5 9. dxe5 Qc7 10. c4 d4 11. Re1 0-0-0 12. Bd3 Nh6 13. Bg5 Re8 14. Bxh6 gxh6 15. Nd2 Bc6 16. Be4 Rg8 17. f4 Be7 18. Qf3 Bxe4 19. Nxe4 Ref8 20. Rf1 Qc6 21. Rae1 Kc7 22. Qh3 Rg6 23. b3 Rfg8 24. Rf2 a6 25. a4 Kd7 26. Ree2 Kc7 27. Re1 Kd7 28. f5 exf5 29. Qxf5+ Qe6 30. Nf6+ Bxf6 31. Qxe6+ Kxe6 32. exf6+ Kd7 33. Re7+ Kd6 34. Rxb7 Rf8 35. Rb6+ Ke5 36. Re2+ Kf5 37. Rxa6 d3 38. Rf2+ Ke5 39. Kf1 Rb8 40. Ke1 Rxb3 41. f7 Rb1+ 42. Kd2 Rb2+ 43. Ke3 Rxf2 44. Kxf2 d2 45. f8Q 1-0

[Event "FRA-ch Accession"]
[Site "Caen"]
[Date "2011.08.16"]
[Round "1"]
[White "Jeanne, Mickael"]
[Black "Godard, Maxence"]
[Result "1/2-1/2"]
[WhiteElo "2204"]
[BlackElo "2352"]
[PlyCount "112"]
[EventDate "2011.08.16"]
[EventType "swiss"]
[EventRounds "11"]
[EventCountry "FRA"]
[SourceTitle "CBM 144 Extra"]
[Source "ChessBase"]
[SourceDate "2011.10.28"]
[SourceVersion "1"]
[SourceVersionDate "2011.10.28"]
[SourceQuality "1"]

1. e4 c6 2. c4 d5 3. cxd5 cxd5 4. exd5 Nf6 5. Qa4+ Nbd7 6. Nc3 g6 7. Bc4 a6 8. d3 Rb8 9. Qc2 b5 10. Bb3 Bb7 11. Nf3 Bg7 12. Bf4 Rc8 13. Qe2 0-0 14. d4 Nb6 15. 0-0 Nfxd5 16. Nxd5 Bxd5 17. Rfe1 e6 18. Be5 Nc4 19. Bxg7 Kxg7 20. Ne5 Qg5 21. g3 Rfd8 22. f4 Qe7 23. Rac1 Qa7 24. Qf2 Ba8 25. Nxc4 Qb7 26. Kf1 bxc4 27. Rxc4 Rxc4 28. Bxc4 a5 29. b3 h5 30. h4 Qh1+ 31. Ke2 Qe4+ 32. Kf1 Qxd4 33. Qxd4+ Rxd4 34. Kf2 Kf6 35. Ke3 Rd8 36. Kf2 Rd2+ 37. Re2 Rd1 38. Re1 Rxe1 39. Kxe1 Kf5 40. Bd3+ Be4 41. Bxe4+ Kxe4 42. Ke2 f6 43. a3 e5 44. fxe5 Kxe5 45. Ke3 Kd5 46. Kd3 g5 47. b4 axb4 48. axb4 gxh4 49. gxh4 f5 50. Ke3 Kc4 51. Kf4 Kxb4 52. Kxf5 Kc5 53. Kg5 Kd6 54. Kxh5 Ke7 55. Kg6 Kf8 56. Kh7 Kf7 1/2-1/2

[Event "EU-ch 12th"]
[Site "Aix les Bains"]
[Date "2011.03.26"]
[Round "5"]
[White "Jeanne, Mickael"]
[Black "Benitah, Yohan"]
[Result "1/2-1/2"]
[WhiteElo "2193"]
[BlackElo "2401"]
[PlyCount "85"]
[EventDate "2011.03.22"]
[EventType "swiss"]
[EventRounds "11"]
[EventCountry "FRA"]
[SourceTitle "CBM 142 Extra"]
[Source "ChessBase"]
[SourceDate "2011.06.27"]
[SourceVersion "1"]
[SourceVersionDate "2011.06.27"]
[SourceQuality "1"]

1. e4 e6 2. d4 d5 3. Nd2 c5 4. exd5 Qxd5 5. Ngf3 cxd4 6. Bc4 Qd6 7. 0-0 Nf6 8. Nb3 Nc6 9. Nbxd4 Nxd4 10. Qxd4 Qxd4 11. Nxd4 a6 12. Nb3 Bd7 13. c3 Bd6 14. Rd1 Bc7 15. Be2 Bc6 16. Be3 0-0 17. Nd4 Be4 18. Bf3 Rfd8 19. Bxe4 Nxe4 20. Nf3 f6 21. Kf1 Nd6 22. Ke2 Kf7 23. h3 e5 24. a4 Ke6 25. b3 h6 26. g4 Ne4 27. Rxd8 Rxd8 28. Rc1 g5 29. Nd2 Nd6 30. c4 h5 31. f3 Rh8 32. c5 Nc8 33. Ne4 hxg4 34. hxg4 Rh2+ 35. Nf2 Ne7 36. Rh1 Rxh1 37. Nxh1 Nc6 38. Nf2 Bd8 39. Ne4 Be7 40. Kd3 Kd5 41. Nc3+ Ke6 42. Ne4 Kd5 43. Nc3+ 1/2-1/2

[Event "FRA-chT1 1011"]
[Site "France"]
[Date "2010.11.13"]
[Round "2.7"]
[White "Jeanne, Mickael"]
[Black "Roumegous, Marina"]
[Result "1/2-1/2"]
[WhiteElo "2168"]
[BlackElo "2174"]
[PlyCount "46"]
[EventDate "2010.10.17"]
[EventType "team-tourn"]
[EventRounds "11"]
[EventCountry "FRA"]
[SourceTitle "EXT 2012"]
[Source "ChessBase"]
[SourceDate "2011.11.24"]
[SourceVersion "1"]
[SourceVersionDate "2011.11.24"]
[SourceQuality "1"]

1. Nf3 Nf6 2. c4 b6 3. g3 Bb7 4. Bg2 e6 5. 0-0 Be7 6. Nc3 0-0 7. Re1 d5 8. cxd5 exd5 9. d4 Nbd7 10. Bf4 a6 11. Rc1 Ra7 12. Ne5 Ba8 13. Qa4 Nb8 14. b4 Qe8 15. Qb3 Qd8 16. a4 Ne4 17. Red1 Nxc3 18. Rxc3 Kh8 19. Rdc1 f6 20. Nf7+ Rxf7 21. Bxc7 Rxc7 22. Rxc7 Rf8 23. Bh3 Qd6 1/2-1/2

[Event "Uxbridge e2e4 Autumn Masters-A"]
[Site "Uxbridge"]
[Date "2010.08.14"]
[Round "6"]
[White "Jeanne, Mickael"]
[Black "McNab, Colin Anderson"]
[Result "0-1"]
[WhiteElo "2174"]
[BlackElo "2463"]
[PlyCount "94"]
[EventDate "2010.08.11"]
[EventType "tourn"]
[EventRounds "9"]
[EventCountry "ENG"]
[EventCategory "1"]
[SourceTitle "CBM 137 Extra"]
[Source "ChessBase"]
[SourceDate "2010.09.01"]
[SourceVersion "1"]
[SourceVersionDate "2010.09.01"]
[SourceQuality "1"]

1. Nf3 g6 2. c4 d6 3. d4 Nd7 4. Nc3 e5 5. e4 Bg7 6. Be2 Ngf6 7. 0-0 0-0 8. Be3 b6 9. d5 Nc5 10. Nd2 a5 11. b3 Ne8 12. f3 Bf6 13. Rb1 Bg5 14. Bf2 f5 15. a3 Bd7 16. b4 axb4 17. axb4 Na4 18. Qc2 Nf6 19. Bd3 Qe7 20. Ra1 Nxc3 21. Qxc3 Qg7 22. Rfe1 Qh6 23. Nf1 fxe4 24. Bxe4 Bf5 25. Bxf5 gxf5 26. Rxa8 Rxa8 27. Ra1 Rxa1 28. Qxa1 e4 29. fxe4 Nxe4 30. Bd4 Qf8 31. Qa7 Qe7 32. Qb8+ Qd8 33. Qxd8+ Bxd8 34. g3 Kf7 35. Kg2 Bf6 36. Bxf6 Kxf6 37. Kf3 Ke5 38. Ke3 b5 39. Kd3 bxc4+ 40. Kxc4 h6 41. b5 Nf6 42. Nd2 Nd7 43. Nf3+ Ke4 44. Nd4 Nb6+ 45. Kc3 Nxd5+ 46. Kc4 Nb6+ 47. Kc3 Na4+ 0-1

[Event "Uxbridge e2e4 Autumn Masters-A"]
[Site "Uxbridge"]
[Date "2010.08.13"]
[Round "4"]
[White "Jeanne, Mickael"]
[Black "Sowray, Peter John"]
[Result "0-1"]
[WhiteElo "2174"]
[BlackElo "2383"]
[PlyCount "74"]
[EventDate "2010.08.11"]
[EventType "tourn"]
[EventRounds "9"]
[EventCountry "ENG"]
[EventCategory "1"]
[SourceTitle "CBM 137 Extra"]
[Source "ChessBase"]
[SourceDate "2010.09.01"]
[SourceVersion "1"]
[SourceVersionDate "2010.09.01"]
[SourceQuality "1"]

1. Nf3 d6 2. c4 f5 3. d4 Nf6 4. g3 g6 5. Bg2 Bg7 6. 0-0 0-0 7. Nc3 Qe8 8. d5 Na6 9. Rb1 c6 10. dxc6 bxc6 11. b4 Rb8 12. a3 Ng4 13. Bb2 Bd7 14. Ba1 Nc7 15. e3 h6 16. Qe2 g5 17. Rfd1 f4 18. e4 Be6 19. b5 Qf7 20. bxc6 Bxc4 21. Qd2 Rxb1 22. Rxb1 fxg3 23. fxg3 Ne6 24. Nd5 Bxa1 25. Rxa1 Nc5 26. Nd4 Nxe4 27. Bxe4 Bxd5 28. Bxd5 Qxd5 29. c7 Nf2 30. Qxf2 Rxf2 31. c8Q+ Kh7 32. Kxf2 Qxd4+ 33. Kg2 Qxa1 34. Qc7 Qb2+ 35. Kh3 Qe2 36. Qxa7 Qf1+ 37. Kg4 Kg6 0-1

[Event "Le Touquet op-A 24th"]
[Site "Le Touquet"]
[Date "2009.10.29"]
[Round "8"]
[White "Payen, Arnaud"]
[Black "Jeanne, Mickael"]
[Result "1-0"]
[WhiteElo "2356"]
[BlackElo "2150"]
[PlyCount "61"]
[EventDate "2009.10.24"]
[EventType "swiss"]
[EventRounds "9"]
[EventCountry "FRA"]
[SourceTitle "EXT 2010"]
[Source "ChessBase"]
[SourceDate "2010.11.25"]
[SourceVersion "1"]
[SourceVersionDate "2010.11.25"]
[SourceQuality "1"]

1. d4 Nf6 2. c4 e6 3. g3 Bb4+ 4. Bd2 Qe7 5. Bg2 Nc6 6. e3 Bxd2+ 7. Qxd2 e5 8. d5 Nd8 9. Nc3 d6 10. Nge2 a5 11. h3 0-0 12. 0-0 b6 13. f4 Nb7 14. Rae1 Nc5 15. g4 h5 16. g5 Nh7 17. Ng3 g6 18. Nce4 Nxe4 19. Nxe4 Re8 20. Qf2 Bf5 21. Nf6+ Nxf6 22. gxf6 Qd7 23. e4 Bxh3 24. f5 Bxg2 25. Kxg2 Kh7 26. Rh1 Rh8 27. Qg3 Kg8 28. fxg6 fxg6 29. Qxg6+ Kf8 30. f7 Qe7 31. Rxh5 1-0

[Event "Le Touquet op-A 24th"]
[Site "Le Touquet"]
[Date "2009.10.28"]
[Round "6"]
[White "Sharma, Dinesh Kumar"]
[Black "Jeanne, Mickael"]
[Result "1-0"]
[WhiteElo "2335"]
[BlackElo "2150"]
[PlyCount "125"]
[EventDate "2009.10.24"]
[EventType "swiss"]
[EventRounds "9"]
[EventCountry "FRA"]
[SourceTitle "EXT 2010"]
[Source "ChessBase"]
[SourceDate "2010.11.25"]
[SourceVersion "1"]
[SourceVersionDate "2010.11.25"]
[SourceQuality "1"]

1. e4 e6 2. d4 d5 3. Nc3 Bb4 4. e5 Qd7 5. a3 Bxc3+ 6. bxc3 b6 7. h4 Ba6 8. Ne2 Nc6 9. h5 f6 10. exf6 Nxf6 11. h6 g6 12. Nf4 Bxf1 13. Kxf1 0-0-0 14. a4 Na5 15. Nd3 Nc4 16. Bg5 Rdf8 17. Bxf6 Rxf6 18. Qe2 a5 19. g3 Rhf8 20. Kg2 Qc6 21. f4 Kb7 22. Rhe1 Nd6 23. Ne5 Qxc3 24. Rad1 Ne4 25. Rd3 Qb4 26. Nd7 Qxa4 27. Nxf8 Rxf8 28. Rc1 Qc4 29. Qg4 Rf6 30. Qe2 a4 31. Ra1 g5 32. Re3 Qxe2+ 33. Rxe2 gxf4 34. gxf4 Rg6+ 35. Kh3 b5 36. c4 c6 37. cxb5 cxb5 38. Rb2 Ka6 39. Rc1 Rxh6+ 40. Kg4 Rg6+ 41. Kh5 Rg7 42. Rc8 Ra7 43. Rb8 Nd6 44. Kg5 Ka5 45. Kf6 Ra6 46. Rb1 a3 47. Kxe6 a2 48. Ra1 Nc4+ 49. Kd7 Kb4 50. f5 Ra7+ 51. Ke6 Nd2 52. f6 Ne4 53. Ke5 Nc3 54. Rg8 Ka3 55. Rg2 Ra8 56. f7 Rf8 57. Rf1 b4 58. Rg8 Rxf7 59. Rxf7 a1Q 60. Ra7+ Na4 61. Rxa4+ Kxa4 62. Ra8+ Kb3 63. Rxa1 1-0

[Event "FRA-chT2 0910"]
[Site "France"]
[Date "2009.10.18"]
[Round "3.5"]
[White "Stawiarski, Edmond"]
[Black "Jeanne, Mickael"]
[Result "0-1"]
[WhiteElo "2137"]
[BlackElo "2150"]
[PlyCount "128"]
[EventDate "2009.09.27"]
[EventType "team-tourn"]
[EventRounds "11"]
[EventCountry "FRA"]
[SourceTitle "EXT 2011"]
[Source "ChessBase"]
[SourceDate "2010.11.26"]
[SourceVersion "1"]
[SourceVersionDate "2010.11.26"]
[SourceQuality "1"]

1. d4 Nf6 2. Nf3 g6 3. Bf4 Bg7 4. e3 0-0 5. c4 d6 6. Nc3 c5 7. h3 cxd4 8. exd4 d5 9. Be2 Nc6 10. 0-0 dxc4 11. Bxc4 Nh5 12. Be3 Nf6 13. a3 Bf5 14. Qe2 Ne4 15. Rfd1 Nxc3 16. bxc3 Rc8 17. Ba2 Na5 18. c4 Qc7 19. c5 Bd7 20. Rab1 e6 21. Qd2 Ba4 22. Rdc1 Bc6 23. Bf4 Qd8 24. Bd6 Re8 25. Ne5 Be4 26. Rb5 Nc6 27. f3 Nxe5 28. fxe4 Nc6 29. e5 Qh4 30. Rd1 b6 31. cxb6 axb6 32. Rxb6 Bh6 33. Qd3 Ne7 34. Bxe7 Rxe7 35. d5 exd5 36. Bxd5 Rxe5 37. Rbb1 Rce8 38. Rf1 R5e7 39. Qc4 Qxc4 40. Bxc4 Ra8 41. Rf3 Be3+ 42. Kh1 Rxa3 43. Re1 Kg7 44. g4 Bc5 45. Rxe7 Rxf3 46. Rc7 Bd6 47. Rd7 Rxh3+ 48. Kg2 Rg3+ 49. Kf2 Rxg4 50. Rxf7+ Kh6 51. Be2 Rh4 52. Rd7 Be5 53. Rd5 Bf6 54. Bf3 Rb4 55. Rd7 Rb5 56. Bd5 Kg5 57. Bc4 Rf5+ 58. Kg2 Rf4 59. Rd5+ Kh4 60. Bd3 h5 61. Be2 g5 62. Rd7 Bd4 63. Bd1 Rf2+ 64. Kg1 Rd2+ 0-1

[Event "FRA-ch Accession"]
[Site "Nimes"]
[Date "2009.08.19"]
[Round "8"]
[White "Jeanne, Mickael"]
[Black "Romieux, Sebastien"]
[Result "1/2-1/2"]
[WhiteElo "2148"]
[BlackElo "2284"]
[PlyCount "51"]
[EventDate "2009.08.11"]
[EventType "swiss"]
[EventRounds "9"]
[EventCountry "FRA"]
[SourceTitle "CBM 132 Extra"]
[Source "ChessBase"]
[SourceDate "2009.11.03"]
[SourceVersion "1"]
[SourceVersionDate "2009.11.03"]
[SourceQuality "1"]

1. Nf3 e6 2. c4 f5 3. Nc3 Nf6 4. g3 b6 5. Bg2 Bb7 6. 0-0 Bb4 7. Qc2 0-0 8. d4 a5 9. b3 Na6 10. Bb2 Qe8 11. a3 Be7 12. Rad1 Qh5 13. d5 Nc5 14. Nd4 f4 15. gxf4 Bd6 16. e3 exd5 17. cxd5 Nxd5 18. Nxd5 Bxd5 19. Bxd5+ Qxd5 20. Nb5 Qf3 21. Nxd6 cxd6 22. Rxd6 Rxf4 23. exf4 Qg4+ 24. Kh1 Qf3+ 25. Kg1 Qg4+ 26. Kh1 1/2-1/2

[Event "FRA-ch Accession"]
[Site "Nimes"]
[Date "2009.08.18"]
[Round "7"]
[White "Buscara, Sevan"]
[Black "Jeanne, Mickael"]
[Result "1-0"]
[WhiteElo "2225"]
[BlackElo "2148"]
[PlyCount "61"]
[EventDate "2009.08.11"]
[EventType "swiss"]
[EventRounds "9"]
[EventCountry "FRA"]
[SourceTitle "CBM 132 Extra"]
[Source "ChessBase"]
[SourceDate "2009.11.03"]
[SourceVersion "1"]
[SourceVersionDate "2009.11.03"]
[SourceQuality "1"]

1. d4 Nf6 2. Nf3 g6 3. Bf4 Bg7 4. e3 d6 5. Be2 0-0 6. 0-0 c5 7. c3 b6 8. h3 Bb7 9. Nbd2 a6 10. a4 cxd4 11. cxd4 Nd5 12. Bh2 a5 13. Nc4 Nb4 14. Na3 N8a6 15. Nb5 Bd5 16. Nd2 Nc7 17. Nc3 Bb7 18. Nc4 Ne6 19. Qb3 Rb8 20. f4 Ba6 21. f5 gxf5 22. Rxf5 Bxd4 23. exd4 Nxd4 24. Rg5+ Kh8 25. Qd1 Nxe2+ 26. Qxe2 d5 27. Nxd5 Rc8 28. Qxe7 Qxe7 29. Nxe7 Rce8 30. Nxb6 Rxe7 31. Bd6 1-0

[Event "FRA-ch Accession"]
[Site "Nimes"]
[Date "2009.08.16"]
[Round "6"]
[White "Jeanne, Mickael"]
[Black "Barret, Simon"]
[Result "1-0"]
[WhiteElo "2148"]
[BlackElo "2166"]
[PlyCount "81"]
[EventDate "2009.08.11"]
[EventType "swiss"]
[EventRounds "9"]
[EventCountry "FRA"]
[SourceTitle "CBM 132 Extra"]
[Source "ChessBase"]
[SourceDate "2009.11.03"]
[SourceVersion "1"]
[SourceVersionDate "2009.11.03"]
[SourceQuality "1"]

1. Nf3 Nf6 2. c4 g6 3. Nc3 Bg7 4. e4 d6 5. d4 0-0 6. Be2 e5 7. 0-0 Nc6 8. d5 Ne7 9. Ne1 Nd7 10. Be3 f5 11. f3 Nf6 12. c5 f4 13. Bf2 g5 14. cxd6 cxd6 15. Rc1 Ne8 16. a4 Ng6 17. Nb5 Bd7 18. b4 a5 19. Nd3 axb4 20. Nb2 Ne7 21. Qb3 Nc8 22. Qxb4 Rf7 23. Nc4 Bf8 24. a5 h5 25. Nb6 Nxb6 26. Bxb6 Qf6 27. Nc7 Rc8 28. Nxe8 Rxe8 29. Bb5 Qg7 30. Rc7 Bxb5 31. Qxb5 Ree7 32. Rxe7 Rxe7 33. Rc1 Rd7 34. Qc4 g4 35. Kh1 Qg6 36. Qc8 Rg7 37. Rc7 gxf3 38. Rxg7+ Qxg7 39. gxf3 h4 40. Qe6+ Kh7 41. Bd8 1-0

[Event "FRA-ch Accession"]
[Site "Nimes"]
[Date "2009.08.12"]
[Round "2"]
[White "Maatoug, Redwan"]
[Black "Jeanne, Mickael"]
[Result "1-0"]
[WhiteElo "2245"]
[BlackElo "2148"]
[PlyCount "71"]
[EventDate "2009.08.11"]
[EventType "swiss"]
[EventRounds "9"]
[EventCountry "FRA"]
[SourceTitle "CBM 132 Extra"]
[Source "ChessBase"]
[SourceDate "2009.11.03"]
[SourceVersion "1"]
[SourceVersionDate "2009.11.03"]
[SourceQuality "1"]

1. d4 e6 2. c4 f5 3. Nc3 Nf6 4. Nf3 Bb4 5. g3 b6 6. Bg2 Bb7 7. 0-0 0-0 8. Qb3 Bxc3 9. Qxc3 d6 10. a3 Ne4 11. Qc2 Nd7 12. b4 a5 13. Bb2 axb4 14. axb4 Rxa1 15. Bxa1 b5 16. d5 e5 17. Nh4 g6 18. Bxe4 fxe4 19. Qxe4 Nf6 20. Qc2 bxc4 21. e4 Qd7 22. Qxc4 Rf7 23. b5 Qh3 24. f3 Bc8 25. Ng2 h5 26. b6 cxb6 27. Qc6 Qd7 28. Rc1 Bb7 29. Qxb6 Ne8 30. Qe3 Kh7 31. f4 exf4 32. Nxf4 Nf6 33. Bxf6 Rxf6 34. Ne6 Qa4 35. Rc7+ Kg8 36. Rg7+ 1-0

[Event "FRA-ch Accession"]
[Site "Nimes"]
[Date "2009.08.11"]
[Round "1"]
[White "Jeanne, Mickael"]
[Black "Sochacki, Christophe"]
[Result "1/2-1/2"]
[WhiteElo "2148"]
[BlackElo "2274"]
[PlyCount "123"]
[EventDate "2009.08.11"]
[EventType "swiss"]
[EventRounds "9"]
[EventCountry "FRA"]
[SourceTitle "CBM 132 Extra"]
[Source "ChessBase"]
[SourceDate "2009.11.03"]
[SourceVersion "1"]
[SourceVersionDate "2009.11.03"]
[SourceQuality "1"]

1. Nf3 Nf6 2. c4 e6 3. Nc3 Bb4 4. Qc2 d5 5. a3 Bxc3 6. Qxc3 0-0 7. b4 b6 8. Bb2 Nbd7 9. e3 c5 10. d3 Bb7 11. Be2 Qe7 12. b5 Ne8 13. h4 f6 14. a4 Nd6 15. Rg1 e5 16. cxd5 Bxd5 17. g4 e4 18. dxe4 Nxe4 19. Qc2 Qe6 20. Nd2 Nxd2 21. Qxd2 Ne5 22. Qc3 Kh8 23. g5 Nf3+ 24. Bxf3 Bxf3 25. Rg3 Bh5 26. gxf6 Rxf6 27. Qe5 Qf7 28. Rg5 Re8 29. Qd5 Bf3 30. Qxf7 Rxf7 31. a5 Rd8 32. Rg3 h5 33. axb6 axb6 34. Be5 Bg4 35. Bf4 c4 36. f3 Bf5 37. Be5 Kh7 38. Bd4 Bd3 39. Kd2 Rd5 40. Ra6 Rxb5 41. Rxb6 Rxb6 42. Bxb6 g6 43. Bd4 Rf8 44. f4 Ra8 45. Rg1 Ra2+ 46. Kc3 Kg8 47. Bf6 Kf7 48. Bg5 Ke6 49. Kd4 Re2 50. Ra1 Kf5 51. Rg1 Rc2 52. Bd8 Rd2 53. Rg5+ Ke6 54. Re5+ Kd7 55. Rd5+ Kc6 56. Rc5+ Kb7 57. Kc3 Rd1 58. Bf6 Be2 59. Bd4 Bd3 60. Bf6 Bf1 61. Bd4 Bd3 62. Bf6 1/2-1/2